| 000 | 02537cam a22003494a 4500 | ||
|---|---|---|---|
| 999 |
_c9000 _d9000 |
||
| 001 | 15330925 | ||
| 003 | GZU | ||
| 005 | 20210527114948.0 | ||
| 008 | 080616s2008 enk b 001 0 eng | ||
| 010 | _a 2008026797 | ||
| 020 | _a9781405859493 (pbk. : alk. paper) | ||
| 020 | _a1405859490 (pbk. : alk. paper) | ||
| 035 | _a(OCoLC)ocn232258099 | ||
| 040 |
_aDLC _cDLC _dBWKUK _dBWK _dCDX _dYDXCP _dDLC |
||
| 043 | _ae-uk-en | ||
| 050 | 0 | 0 |
_aKD1949 _b.M38 2008 |
| 082 | 0 | 0 |
_a346.4203 _222 |
| 100 | 1 | _aMcBride, Nicholas J. | |
| 245 | 1 | 0 |
_aTort law / _cNicholas J. McBride and Roderick Bagshaw. |
| 250 | _a3rd ed. | ||
| 260 |
_aHarlow, England ; _aNew York : _bPearson/Longman, _c2008. |
||
| 300 |
_alviii, 847 p. ; _c24 cm. |
||
| 440 | 0 | _aLongman law series | |
| 504 | _aIncludes bibliographical references (p. [821]-832) and index. | ||
| 505 | 0 | _aWhat is a tort? -- An overview of tort law -- Tort law and its critics -- Duties of care : an introduction -- The legacy of Donoghue v Stevenson -- The principle in Hedley Byrne and associated principles -- Situations giving rise to a duty to act -- Statuses giving rise to a duty to act -- Duties of care : evaluation of the current law -- Breach of duty -- Assault and battery -- False imprisonment -- Defamation -- Harassment -- Invasion of privacy -- Conversion -- Trespass to goods -- Trespass to land -- Private nuisance -- Inducing a breach of contract -- Intentional infliction of harm by unlawful means -- Conspiracy -- Torts involving the deception of others -- Torts involving the misuse of power -- Tortsinvolving the breach of a statutory duty -- Limits on the right to sue -- Causation of loss -- Actionability -- Quantification of loss -- Reduction in liability -- Liability to third parties -- Accessory liability -- Vicarious liability -- Nominal damages -- Aggravated damages -- Exemplary damages -- Gain-based damages -- Damages for conversion -- Injunction -- Specific restitution of goods -- The Human Rights Act 1998 -- Liability for dangerous things -- The Consumer Protection Act 1987 -- Public nuisance -- Loss compensation schemes. | |
| 650 | 0 |
_aTorts _zEngland. |
|
| 700 | 1 | _aBagshaw, Roderick. | |
| 856 | 4 | 1 |
_3Table of contents only _uhttp://www.loc.gov/catdir/toc/ecip0821/2008026797.html |
| 906 |
_a7 _bcbc _corignew _d1 _eecip _f20 _gy-gencatlg |
||
| 942 |
_2lcc _cBK _e3rd _h1949 _iMCB _kKD _m2008 |
||